| Tag |
First Indicator |
Second Indicator |
Subfields |
| LEADER |
00000cam a2200000 i 4500 |
| 001 |
in00000472147 |
| 005 |
20151012163812.0 |
| 008 |
760910s1976 fr bs i00010 eng |
| 010 |
|
|
|a 76366391
|
| 015 |
|
|
|a F***
|
| 020 |
|
|
|a 9264114556 :
|c $3.75 (U.S.)
|
| 035 |
|
|
|a (OCoLC)02286211
|
| 035 |
|
|
|9 ABZ6879AM
|
| 040 |
|
|
|a DLC
|c DLC
|d TXA
|d UtOrBLW
|
| 049 |
|
|
|a TXAM
|c [1534297]
|
| 050 |
0 |
0 |
|a HJ4639
|b .O7 1976
|
| 082 |
0 |
|
|a 336.2/42
|
| 110 |
2 |
|
|a Organisation for Economic Co-operation and Development.
|b Committee on Fiscal Affairs.
|
| 245 |
1 |
4 |
|a The adjustment of personal income tax systems for inflation :
|b a report /
|c by the Committee on Fiscal Affairs.
|
| 264 |
|
1 |
|a Paris :
|b Organisation for Economic Co-operation and Development ;
|a [Washington, D.C.] :
|b [obtainable from OECD Publications Center],
|c 1976.
|
| 300 |
|
|
|a 71 pages ;
|c 24 cm.
|
| 336 |
|
|
|a text
|b txt
|2 rdacontent
|
| 337 |
|
|
|a unmediated
|b n
|2 rdamedia
|
| 338 |
|
|
|a volume
|b nc
|2 rdacarrier
|
| 504 |
|
|
|a Bibliography: pages 68-71.
|
| 650 |
|
0 |
|a Taxation
|x Effect of inflation on.
|
| 650 |
|
0 |
|a Income tax.
|
| 999 |
|
|
|a MARS
|
| 999 |
f |
f |
|s b2019641-d079-315b-bc56-e8816d3a8533
|i 91c3cf3c-c108-343d-a827-c59ef8e9e09d
|t 0
|
| 952 |
f |
f |
|p ric
|a Texas A&M University
|b Rellis Campus
|c Joint Library Facility
|d Remote Storage
|t 0
|e HJ4639 .O7 1976
|h Library of Congress classification
|i unmediated -- volume
|m A14802898155
|
| 998 |
f |
f |
|a HJ4639 .O7 1976
|t 0
|l Remote Storage
|